Prehistoric Creature by Picture #2 - Statistics

General Stats
  • This quiz has been taken 203 times
  • The average score is 10 of 16
Answer Stats
Picture Answer % Correct
Triceratops
93%
Spinosaurus
83%
Neanderthal
78%
Parasaurolophus
77%
Trilobite
72%
Argentinosaurus
64%
Elasmosaurus
63%
Paraceratherium
61%
Quetzalcoatlus
58%
Basilosaurus
54%
Ichthyosaurus
53%
Xiphactinus
53%
Argentavis
51%
Daeodon
49%
Pterygotus
47%
Pterodactylus
33%
No matching quizzes found
Score Distribution
Percent of People with Each Score
Percentile by Number Answered
Your Score History
You have not taken this quiz